000
00180 a2200097 4500
020
_a
9780778329510
041
_a
eng
100
_a
Mallery, Susan
245
_a
Already home
942
_c
BK
999
_c
362
_d
362